Alle Torschützen der Copa America 24 - Statistiken

Allgemein
  • Dieses Quiz wurde 5 mal gespielt
    4 seit der letzten Aktualisierung
  • Das Durchschnittsergebnis liegt bei 3 aus 17
Antwortstatistiken
Natiom Torart Torschütze % Korrekt
Argentinien T Julian Alvarez
75%
Kanada T David
50%
Argentinien T Lautaro Martinez
50%
Argentinien T Lautaro Martinez
50%
USA T Pulisic
50%
Uruguay T Darwin Nunez
25%
Uruguay T Araujo
0%
Mexiko T Arteaga
0%
USA T Balogun
0%
Venezuela T Bello
0%
Paraguay T Enciso
0%
Venezuela T Jhonder Cadiz
0%
Kolumbien T Lerma
0%
Kolumbien T Munoz
0%
Panama T Murillo
0%
Ecuador T Sarmiento
0%
Uruguay T Vina
0%
Keine übereinstimmenden Quizze gefunden
Verteilung der Resultate
Anzahl Personen mit jedem Resultat
Perzentil nach korrekt beantworteten Fragen
Ihre Resultats-Entwicklung
Sie haben dieses Quiz seit der letzten Aktualisierung nicht gespielt